000 00275nam a22001217a 4500
008 181217b xxu||||| |||| 00| 0 eng d
041 _aeng
080 _221st
_a510
100 _a36
101 _aMAT
245 _aStandard Mathematical Tables
_cSelby,,S.M
942 _2udc
_cBK
999 _c53153
_d53153